LEADER 01650nas--2200481---450- 001 990003481180203316 005 20141029172058.0 011 $a0734-2071 035 $a000348118 035 $aUSA01000348118 035 $a(ALEPH)000348118USA01 035 $a000348118 100 $a20110111a----9999km-y-itay50------ba 101 0 $aeng 102 $aUS 110 $aahazz--|||| 200 1 $aACM Transactions on computer systems$fAssociation for Computing Machinery 210 $aNew York$cThe Association 215 $av.$cill.$d26 cm 300 $aComincia nel 1983 300 $aDescrizione basata su Vol.25, n.1(2007)- 300 $aIncluso nel pacchetto: ACM DIGITAL LIBRARY CORE PACKAGE 326 $aTrimestrale 606 0 $aElaboratori$xPeriodici$2BNCF 676 $a001.6405 712 02$aAssociation for Computing Machinery 801 0$aIT$bsalbc$gISBD 856 4 $uhttp://tocs.acm.org/$4.$zOnline da workstation autorizzate 912 $a990003481180203316 958 $aSCI$bPER II$c2006-2013; 959 $aSE 979 $aCIANATIEMP$b90$c20110111$lUSA01$h1156 979 $aCIANATIEMP$b90$c20110112$lUSA01$h0937 979 $aCIANATIEMP$b90$c20110126$lUSA01$h1233 979 $aCIANATIEMP$b90$c20110126$lUSA01$h1419 979 $aCIANATIEMP$b90$c20110126$lUSA01$h1420 979 $aCIANATIEMP$b90$c20110126$lUSA01$h1421 979 $aCIANATIEMP$b90$c20110127$lUSA01$h1229 979 $aCIANATIEMP$b90$c20110207$lUSA01$h1427 979 $aVITTORIANA$b90$c20130207$lUSA01$h1304 979 $aANGELA$b90$c20141029$lUSA01$h1720 996 $aACM transactions on computer systems$9104608 997 $aUNISA LEADER 03501nam 2200577 450 001 9910818538003321 005 20230803033201.0 010 $a1-61711-954-7 035 $a(CKB)3710000000057738 035 $a(EBL)3404589 035 $a(SSID)ssj0001047526 035 $a(PQKBManifestationID)11586712 035 $a(PQKBTitleCode)TC0001047526 035 $a(PQKBWorkID)11159335 035 $a(PQKB)11216981 035 $a(MiAaPQ)EBC3404589 035 $a(EXLCZ)993710000000057738 100 $a20130624h20132013 uy| 0 101 0 $aeng 135 $aur|n|---||||| 181 $ctxt 182 $cc 183 $acr 200 04$aThe John Hopkins manual for GI endoscopic nurses /$feditors, Mouen Khashab, Toshunia Robinson, Anthony Kalloo 205 $a3rd ed. 210 1$aThorofare, NJ :$cSlack Incorporated,$d[2013] 210 4$dİ2013 215 $a1 online resource (260 p.) 300 $aPreceded by: Johns Hopkins manual of gastrointestinal endoscopy procedures / Jeanette Ogilvie, Lisa M. Hicks, Anthony N. Kalloo. 2nd ed. c2008. 311 $a1-61711-051-5 320 $aIncludes bibliographical references and index. 327 $a""Front Cover""; ""Title Page""; ""Chapter 1""; ""Chapter 2""; ""Chapter 3""; ""Chapter 4""; ""Chapter 5""; ""Chapter 6""; ""Appendix 1""; ""Appendix 2""; ""Appendix 3""; ""Appendix 4""; ""Financial Disclosures""; ""Back Cover"" 330 $a"This manual features up-to-date guides to new endoscopic procedures and techniques, such as fiducial placement, balloon-assisted enteroscopy, Barrett's ablation, Spyglass cholangioscopy, and pancreatoscopy. Additional chapters cover on sedation, antibiotic prophylaxis, disinfection, and management of the anticoagulated patient. Endoscopy nurses, gastroenterology fellows, and gastroenterology practitioners alike can use The Johns Hopkins Manual for GI Endoscopic Nurses, Third Edition's endoscopic preparation regimens to facilitate the correct instruction of patients, reducing the likelihood of unsuccessful procedures. Dr. Kalloo also provides the definitions and indications for both common and advanced endoscopic procedures along with listings of necessary equipment. The Johns Hopkins Manual for GI Endoscopic Nurses, Third Edition outlines nursing care before, during, and after endoscopic procedures. General guidelines for moderate sedation and equipment disinfection and sterilization are discussed, as well as special considerations for patients with specific medical conditions who are undergoing endoscopy. This concise text is easy to read and comprehend, and photographs and illustrations replace cumbersome long descriptions, making this the ideal reference for a nurse on the go"--Provided by publisher. 517 1 $aManual for GI endoscopic nurses 606 $aEndoscopy$xMethodology$vHandbooks, manuals, etc 606 $aGastrointestinal system$xDiseases$xNursing$vHandbooks, manuals, etc 615 0$aEndoscopy$xMethodology 615 0$aGastrointestinal system$xDiseases$xNursing 676 $a616.3/307545 700 $aKhashab$b Mouen$01210573 701 $aKhashab$b Mouen$01210573 701 $aRobinson$b Toshunia$01630474 701 $aKalloo$b Anthony$f1955-$01596785 701 $aOgilvie$b Jeanette$f1949-$01630475 801 0$bMiAaPQ 801 1$bMiAaPQ 801 2$bMiAaPQ 906 $aBOOK 912 $a9910818538003321 996 $aThe John Hopkins manual for GI endoscopic nurses$93968812 997 $aUNINA